• 首页
  • 本馆介绍
  • 公告通知
  • 最新文献
  • 馆藏检索
  • 电子资源
  • 读者导购
  • 参考咨询
  • 我的图书馆
  • 登录
  • 详细信息显示
  • 放入我的书架
  • 预约/预借图书
  • 作者相关作品
  • 分类相关作品
  • 丛书相关作品
  • 出版社相关作品

书目信息

  • 表格格式
  • 工作单格式
  • 卡片格式
题名:
中国近代思想家文库
    
 
作者: 孙宏云 编
分册:   钱端升卷
出版信息: 北京   中国人民大学出版社  2014.10
页数: 25,497页
开本: 23cm
丛书名:
单 册:
中图分类: B250.5
科图分类:
主题词: 思想史--Si Xiang Shi--研究--中国--近代 , 研究--Yan Jiu , 中国--Zhong Guo
电子资源:
ISBN: 978-7-300-18828-7
000 01092nam0 22002891 450
001 350968
005 20161017163019.46
010    @a978-7-300-18828-7@dCNY79.00
100    @a20150104d2014 em y0chiy50 ea
101 0  @achi
102    @aCN@b110000
105    @ay z 000yy
106    @ar
200 1  @a中国近代思想家文库@AZhong Guo Jin Dai Si Xiang Jia Wen Ku@i钱端升卷@f孙宏云编
210    @a北京@c中国人民大学出版社@d2014.10
215    @a25,497页@d23cm
300    @a国家出版基金项目
330    @a本书选录了钱端升1949年以前具有代表性的思想论著,其中不少篇章为编者从各种原始报刊及书籍中首次辑出。所选论著主要反映钱端升的政法思想,从中可以看到一位思想家的拳拳爱国之心和对世界和平的向往,以及他对政治和法律的深刻理解。
517 1  @a钱端升卷@AQian Duan Sheng Juan
600  0 @a钱端升,@AQian Duan Sheng ,@f1900-1990@x思想评论
606 0  @a思想史@ASi Xiang Shi@x研究@y中国@z近代
606 0  @a研究@AYan Jiu
606 0  @a中国@AZhong Guo
690    @aB250.5@v5
701  0 @a孙宏云@ASun Hong Yun@f1969-@4编
801  0 @aCN@bTANGWEI@c20160811
905    @b0892587-90@dB250.5@e64:13@f4
    
    中国近代思想家文库.钱端升卷/孙宏云编.-北京:中国人民大学出版社,2014.10
    25,497页;23cm
    国家出版基金项目
    
    ISBN 978-7-300-18828-7:CNY79.00
    本书选录了钱端升1949年以前具有代表性的思想论著,其中不少篇章为编者从各种原始报刊及书籍中首次辑出。所选论著主要反映钱端升的政法思想,从中可以看到一位思想家的拳拳爱国之心和对世界和平的向往,以及他对政治和法律的深刻理解。
●
相关链接 在E读中查询图书 在五车中查询图书 在当当中查询图书 在豆瓣中查询图书


正题名:中国近代思想家文库     索取号:B250.5/64:13         预约/预借

序号 登录号 条形码 馆藏地/架位号 状态 备注
1 0892587   208925877   第一样本阅览室/ [索取号:B250.5/64:13] 在馆    
2 0892588   208925886   第一借阅区/ [索取号:B250.5/64:13] 在馆    
3 0892589   208925895   第一借阅区/ [索取号:B250.5/64:13] 在馆    
4 0892590   208925902   第一借阅区/ [索取号:B250.5/64:13] 在馆    
唐山师范学院图书馆 欢迎您!
大连网信软件有限公司© 版权所有